Advanced calculus: a sequel to an elementary treatise on the calculus
Збережено в:
| Автор: | |
|---|---|
| Формат: | Книга |
| Мова: | Англійська |
| Опубліковано: |
Londres
Macmillan
1931
|
| Предмети: | |
| Теги: |
Додати тег
Немає тегів, Будьте першим, хто поставить тег для цього запису!
|
MARC
| LEADER | 00000nam a2200000 a 4500 | ||
|---|---|---|---|
| 001 | UCP0611 | ||
| 003 | CL-VaPUC | ||
| 008 | 990313e19310000UK |||||||||||||||||eng|d | ||
| 082 | 0 | 4 | |a 515 |b GIB |2 21 |
| 100 | |a Gibson, George A |e author |9 425996 | ||
| 245 | 1 | 0 | |a Advanced calculus: a sequel to an elementary treatise on the calculus |
| 300 | |a 510 p | ||
| 942 | |c BK | ||
| 945 | |d 19990313 00:00:00 |a crobeson | ||
| 260 | |a Londres |b Macmillan |c 1931 | ||
| 650 | 0 | |a Cálculo |9 260234 | |
| 650 | 0 | |a Números reales |9 270334 | |
| 650 | 0 | |a Funciones analíticas |9 270036 | |
| 650 | 0 | |a Series infinitas |9 270114 | |
| 650 | 0 | |a Funciones de variables complejas |9 260212 | |
| 650 | 7 | |a FUNCION GAMMA |2 CL-VaPUC |9 425403 | |
| 650 | 0 | |a Integrales |9 260233 | |
| 650 | 0 | |a Análisis complejo |9 260214 | |
| 650 | 0 | |a Números complejos |9 270335 | |
| 583 | |a last modification |c 19990313 00:00:00 |k Rodrigo Vera | ||
| 999 | |c 279374 |d 279372 | ||
| 952 | |0 0 |1 0 |4 0 |6 515_000000000000000_GIB_1931 |7 0 |8 A |9 318488 |a BIBMAT |b BIBMAT |d 2019-11-20 |i 1324810 |o 515 GIB 1931 |p 1324810 |r 2025-01-07 |w 2019-11-20 |y BK |k MAT | ||